GNX - Kendrick Lamar - Statistics

General Stats
  • This quiz has been taken 29 times
  • The average score is 10 of 12
Answer Stats
Songs Plays Artists % Correct
luther 1,178,124,147 Kendrick Lamar, SZA
96%
tv off 692,923,402 Kendrick Lamar, Lefty Gunplay
92%
wacced out murals 148,732,593 Kendrick Lamar
92%
dodger blue 147,577,488 Kendrick Lamar, Wallie the Sensei, Siete7x, Roddy Ricch
84%
gloria 118,943,324 Kendrick Lamar, GZA
84%
gnx 72,981,180 Kendrick Lamar, Hitta J3, Peysoh, YoungThreat
84%
hey now 175,147,983 Kendrick Lamar, Dody6
84%
squabble up 446,735,376 Kendrick Lamar
84%
peekaboo 253,112,385 Kendrick Lamar, AzChike
76%
man at the garden 107,559,119 Kendrick Lamar
72%
reincarnated 136,226,600 Kendrick Lamar
72%
heart pt. 6 133,804,599 Kendrick Lamar
68%
No matching quizzes found
Score Distribution
Percent of People with Each Score
Percentile by Number Answered
Your Score History
You have not taken this quiz